[Event "Masters Tournament (MTO)"]
[Site "Biel, CH"]
[Date "2025.07.17"]
[Round "4"]
[White "Sushanth Kamabathula"]
[Black "Poeck, Ole"]
[Result "1-0"]
[Board "15"]
[WhiteFideId "25712667"]
[BlackFideId "4682742"]
[BlackTitle "FM"]
[WhiteElo "2188"]
[BlackElo "2304"]
[WhiteTeam "IND"]
[BlackTeam "GER"]
[WhiteClock "0:27:10"]
[BlackClock "0:27:42"]
[Variant "Standard"]

1. c4 {[%clk 1:40:55]}  e6 {[%clk 1:40:37]} 2. Nc3 {[%clk 1:41:18]}  d5 {[%clk 1:41:02]} 3. e3 {[%clk 1:41:29]}  Nf6 {[%clk 1:41:07]} 4. Nf3 {[%clk 1:41:50]}  c5 {[%clk 1:41:00]} 5. cxd5 {[%clk 1:40:48]}  Nxd5 {[%clk 1:41:10]} 6. Bc4 {[%clk 1:40:57]}  Nc6 {[%clk 1:39:29]} 7. O-O {[%clk 1:40:31]}  Be7 {[%clk 1:38:52]} 8. Qe2 {[%clk 1:39:21]}  O-O {[%clk 1:40:53]} 9. Rd1 {[%clk 1:31:28]}  a6 {[%clk 1:30:04]} 10. d4 {[%clk 1:28:50]}  Nxc3 {[%clk 1:29:55]} 11. bxc3 {[%clk 1:27:32]}  Qa5 {[%clk 1:27:34]} 12. Bd2 {[%clk 1:19:10]}  Bf6 {[%clk 1:24:05]} 13. e4 {[%clk 1:08:12]}  e5 {[%clk 1:20:21]} 14. d5 {[%clk 1:17:54]}  Na7 {[%clk 1:11:46]} 15. a4 {[%clk 1:08:38]}  Bg4 {[%clk 1:09:05]} 16. h3 {[%clk 1:08:13]}  Bxf3 {[%clk 1:08:41]} 17. Qxf3 {[%clk 1:08:27]}  Nc8 {[%clk 1:08:10]} 18. Qg3 {[%clk 1:08:31]}  Nd6 {[%clk 1:07:31]} 19. Bd3 {[%clk 1:00:28]}  Qc7 {[%clk 1:05:51]} 20. f4 {[%clk 0:55:53]}  Qe7 {[%clk 1:02:26]} 21. f5 {[%clk 0:52:52]}  b5 {[%clk 0:59:06]} 22. Be3 {[%clk 0:44:38]}  Qc7 {[%clk 0:56:35]} 23. Qf2 {[%clk 0:44:09]}  c4 {[%clk 0:55:51]} 24. Bc2 {[%clk 0:43:03]}  h6 {[%clk 0:55:31]} 25. h4 {[%clk 0:40:42]}  Rfc8 {[%clk 0:50:53]} 26. Kh2 {[%clk 0:53:03]}  Rab8 {[%clk 0:42:37]} 27. g4 {[%clk 0:50:25]}  Qd8 {[%clk 0:41:25]} 28. Kh3 {[%clk 0:50:20]}  Be7 {[%clk 0:38:18]} 29. axb5 {[%clk 0:46:44]}  axb5 {[%clk 0:39:44]} 30. Rg1 {[%clk 0:46:26]}  f6 {[%clk 0:38:23]} 31. Qd2 {[%clk 0:44:29]}  Nf7 {[%clk 0:33:45]} 32. Ra6 {[%clk 0:39:22]}  Bc5 {[%clk 0:30:21]} 33. Bxc5 {[%clk 0:36:16]}  Rxc5 {[%clk 0:39:32]} 34. Rga1 {[%clk 0:34:43]}  Rcc8 {[%clk 0:36:13]} 35. Rb1 {[%clk 0:29:40]}  Rb6 {[%clk 0:30:15]} 36. Ra7 {[%clk 0:24:30]}  Ra8 {[%clk 0:35:08]} 37. Rba1 {[%clk 0:24:13]}  Rxa7 {[%clk 0:35:24]} 38. Rxa7 {[%clk 0:24:38]}  Rb8 {[%clk 0:35:26]} 39. Ra6 {[%clk 0:21:19]}  Ra8 {[%clk 0:29:47]} 40. Re6 {[%clk 0:19:19]}  Ra7 {[%clk 0:28:25]} 41. d6 {[%clk 0:11:56]}  Rd7 {[%clk 0:19:04]} 42. Qd5 {[%clk 0:08:09]}  Kh7 {[%clk 0:12:30]} 43. Qxb5 {[%clk 0:10:35]}  Nxd6 {[%clk 0:12:58]} 44. Qc5 {[%clk 0:10:23]}  Nb7 {[%clk 0:10:32]} 45. Qxc4 {[%clk 0:03:56]}  Rc7 {[%clk 0:06:55]} 46. Qe2 {[%clk 0:29:33]}  Rxc3+ {[%clk 0:40:48]} 47. Kg2 {[%clk 0:29:15]}  Qc8 {[%clk 0:37:47]} 48. Ba4 {[%clk 0:26:59]}  Ra3 {[%clk 0:32:12]} 49. Be8 {[%clk 0:25:59]}  Ra8 {[%clk 0:26:39]} 50. Bg6+ {[%clk 0:26:11]}  Kh8 {[%clk 0:26:39]} 51. Re8+ {[%clk 0:26:01]}  Qxe8 {[%clk 0:27:07]} 52. Bxe8 {[%clk 0:26:26]}  Rxe8 {[%clk 0:27:32]} 53. Qb5 {[%clk 0:26:10]}  Nd6 {[%clk 0:27:42]} 54. Qd7 {[%clk 0:27:10]} 1-0

[Event "Masters Tournament (MTO)"]
[Site "Biel, CH"]
[Date "2025.07.17"]
[Round "4"]
[White "Georgescu, Lena"]
[Black "Schlegel, Igor"]
[Result "1-0"]
[Board "16"]
[WhiteFideId "1331973"]
[BlackFideId "1334956"]
[WhiteTitle "WGM"]
[BlackTitle "FM"]
[WhiteElo "2185"]
[BlackElo "2275"]
[WhiteTeam "SUI"]
[BlackTeam "SUI"]
[WhiteClock "0:25:42"]
[BlackClock "0:02:53"]
[Variant "Standard"]

1. e4 {[%clk 1:40:30]}  c5 {[%clk 1:40:54]} 2. Nf3 {[%clk 1:41:08]}  d6 {[%clk 1:41:17]} 3. d4 {[%clk 1:41:34]}  cxd4 {[%clk 1:41:41]} 4. Nxd4 {[%clk 1:42:01]}  Nf6 {[%clk 1:42:03]} 5. Nc3 {[%clk 1:42:27]}  a6 {[%clk 1:42:26]} 6. Bg5 {[%clk 1:42:53]}  Nbd7 {[%clk 1:42:50]} 7. Be3 {[%clk 1:43:14]}  Qc7 {[%clk 1:43:08]} 8. g4 {[%clk 1:43:07]}  h6 {[%clk 1:43:29]} 9. a4 {[%clk 1:43:20]}  e6 {[%clk 1:36:50]} 10. Qe2 {[%clk 1:40:41]}  b6 {[%clk 1:34:03]} 11. h4 {[%clk 1:34:26]}  Ne5 {[%clk 1:30:49]} 12. Rg1 {[%clk 1:20:27]}  Nexg4 {[%clk 1:17:50]} 13. Rxg4 {[%clk 1:20:14]}  Nxg4 {[%clk 1:18:11]} 14. Qxg4 {[%clk 1:20:36]}  e5 {[%clk 1:18:34]} 15. Nd5 {[%clk 1:09:09]}  Qb7 {[%clk 1:17:35]} 16. Qg3 {[%clk 0:57:29]}  exd4 {[%clk 1:17:51]} 17. Bxd4 {[%clk 0:57:56]}  Be6 {[%clk 1:16:08]} 18. Bxg7 {[%clk 0:55:45]}  Bxg7 {[%clk 1:14:38]} 19. Qxg7 {[%clk 0:56:11]}  Kd7 {[%clk 1:13:47]} 20. O-O-O {[%clk 0:45:00]}  Rad8 {[%clk 0:55:36]} 21. Bc4 {[%clk 0:36:56]}  b5 {[%clk 0:48:36]} 22. Bb3 {[%clk 0:36:26]}  Kc8 {[%clk 0:48:28]} 23. f4 {[%clk 0:30:30]}  Rhg8 {[%clk 0:42:26]} 24. Qf6 {[%clk 0:28:14]}  Rd7 {[%clk 0:27:34]} 25. f5 {[%clk 0:26:22]}  Bxd5 {[%clk 0:27:58]} 26. Bxd5 {[%clk 0:26:45]}  Qb6 {[%clk 0:25:25]} 27. Qxh6 {[%clk 0:18:10]}  Rg1 {[%clk 0:13:00]} 28. Qd2 {[%clk 0:06:16]}  Rc7 {[%clk 0:08:47]} 29. Kb1 {[%clk 0:05:58]}  bxa4 {[%clk 0:08:35]} 30. Rxg1 {[%clk 0:05:15]}  Qxg1+ {[%clk 0:09:04]} 31. Ka2 {[%clk 0:05:36]}  a3 {[%clk 0:06:25]} 32. bxa3 {[%clk 0:04:26]}  Qc5 {[%clk 0:05:43]} 33. c4 {[%clk 0:04:41]}  f6 {[%clk 0:05:08]} 34. Qg2 {[%clk 0:03:36]}  Kb8 {[%clk 0:04:21]} 35. Qb2+ {[%clk 0:03:20]}  Ka7 {[%clk 0:04:39]} 36. Qxf6 {[%clk 0:03:25]}  Qf2+ {[%clk 0:04:25]} 37. Qb2 {[%clk 0:03:28]}  Qxb2+ {[%clk 0:04:18]} 38. Kxb2 {[%clk 0:03:57]}  Rh7 {[%clk 0:04:40]} 39. c5 {[%clk 0:01:58]}  dxc5 {[%clk 0:05:05]} 40. f6 {[%clk 0:01:17]}  Kb6 {[%clk 0:02:53]} 41. e5 {[%clk 0:25:42]} 1-0

[Event "Masters Tournament (MTO)"]
[Site "Biel, CH"]
[Date "2025.07.17"]
[Round "4"]
[White "Deshpande, Aniruddha"]
[Black "Bai, Xue"]
[Result "1/2-1/2"]
[Board "17"]
[WhiteFideId "5021774"]
[BlackFideId "8608717"]
[WhiteTitle "FM"]
[WhiteElo "2263"]
[BlackElo "2124"]
[WhiteTeam "IND"]
[BlackTeam "CHN"]
[WhiteClock "0:01:20"]
[BlackClock "0:22:37"]
[Variant "Standard"]

1. c4 {[%clk 1:39:14]}  e6 {[%clk 1:40:47]} 2. Nf3 {[%clk 1:38:16]}  Nf6 {[%clk 1:41:08]} 3. e3 {[%clk 1:37:25]}  d5 {[%clk 1:41:18]} 4. b3 {[%clk 1:37:17]}  Be7 {[%clk 1:39:54]} 5. Bb2 {[%clk 1:37:33]}  c5 {[%clk 1:40:13]} 6. cxd5 {[%clk 1:36:44]}  exd5 {[%clk 1:40:09]} 7. Bb5+ {[%clk 1:35:14]}  Bd7 {[%clk 1:36:57]} 8. Bxd7+ {[%clk 1:36:59]}  Qxd7 {[%clk 1:37:16]} 9. O-O {[%clk 1:36:50]}  Nc6 {[%clk 1:34:44]} 10. d4 {[%clk 1:36:20]}  cxd4 {[%clk 1:34:10]} 11. Nxd4 {[%clk 1:36:40]}  O-O {[%clk 1:34:01]} 12. Nc3 {[%clk 1:36:42]}  Rad8 {[%clk 1:26:02]} 13. Rc1 {[%clk 1:34:07]}  Rfe8 {[%clk 1:18:11]} 14. Nxc6 {[%clk 1:23:55]}  Qxc6 {[%clk 1:15:43]} 15. Ne2 {[%clk 1:15:19]}  Qd7 {[%clk 1:12:13]} 16. Qd4 {[%clk 1:15:01]}  b6 {[%clk 1:12:25]} 17. Ng3 {[%clk 1:11:54]}  Rc8 {[%clk 1:09:18]} 18. Qf4 {[%clk 1:10:38]}  Bd6 {[%clk 1:08:04]} 19. Qf3 {[%clk 1:04:26]}  Bxg3 {[%clk 1:03:19]} 20. Qxg3 {[%clk 1:08:16]}  Qf5 {[%clk 1:00:54]} 21. h3 {[%clk 1:04:17]}  h6 {[%clk 0:58:31]} 22. Rfd1 {[%clk 1:03:38]}  Kh7 {[%clk 0:44:07]} 23. Kh2 {[%clk 0:57:56]}  Rxc1 {[%clk 0:37:24]} 24. Rxc1 {[%clk 0:54:36]}  Rc8 {[%clk 0:20:44]} 25. Rxc8 {[%clk 0:34:22]}  Qxc8 {[%clk 0:36:18]} 26. Bxf6 {[%clk 0:34:34]}  gxf6 {[%clk 0:36:42]} 27. b4 {[%clk 0:34:37]}  Qc3 {[%clk 0:27:05]} 28. Qg4 {[%clk 0:23:55]}  Qe5+ {[%clk 0:32:24]} 29. Qg3 {[%clk 0:20:11]}  Qc3 {[%clk 0:32:24]} 30. Qf3 {[%clk 0:19:53]}  Qe5+ {[%clk 0:32:33]} 31. g3 {[%clk 0:16:12]}  Kg7 {[%clk 0:30:32]} 32. Qg4+ {[%clk 0:14:51]}  Kf8 {[%clk 0:29:50]} 33. a4 {[%clk 0:11:23]}  Qc3 {[%clk 0:25:27]} 34. b5 {[%clk 0:13:03]}  Qc4 {[%clk 0:20:35]} 35. Kg2 {[%clk 0:11:26]}  Ke7 {[%clk 0:18:04]} 36. Kf3 {[%clk 0:10:16]}  Qc2 {[%clk 0:14:34]} 37. Qf4 {[%clk 0:06:55]}  h5 {[%clk 0:09:50]} 38. h4 {[%clk 0:04:53]}  Ke6 {[%clk 0:07:16]} 39. Qd4 {[%clk 0:04:01]}  f5 {[%clk 0:05:39]} 40. Qf4 {[%clk 0:30:00]}  f6 {[%clk 0:45:03]} 41. Qd4 {[%clk 0:24:27]}  Qb3 {[%clk 0:41:35]} 42. Kg2 {[%clk 0:19:56]}  Qc2 {[%clk 0:40:53]} 43. Kg1 {[%clk 0:18:39]}  Qc1+ {[%clk 0:40:05]} 44. Kg2 {[%clk 0:18:02]}  Qc2 {[%clk 0:38:49]} 45. Qa1 {[%clk 0:16:56]}  Qc4 {[%clk 0:38:19]} 46. Qd1 {[%clk 0:13:41]}  Qe4+ {[%clk 0:36:29]} 47. Kh2 {[%clk 0:11:52]}  Qg4 {[%clk 0:33:51]} 48. f3 {[%clk 0:14:05]}  Qc4 {[%clk 0:35:06]} 49. f4 {[%clk 0:13:45]}  Qa2+ {[%clk 0:33:37]} 50. Kg1 {[%clk 0:13:09]}  Qa3 {[%clk 0:32:34]} 51. Kf2 {[%clk 0:12:20]}  Qb2+ {[%clk 0:31:58]} 52. Kf1 {[%clk 0:05:47]}  Qh2 {[%clk 0:31:08]} 53. Qxh5 {[%clk 0:04:43]}  Qxg3 {[%clk 0:30:13]} 54. Qe8+ {[%clk 0:04:30]}  Kd6 {[%clk 0:28:38]} 55. Qc6+ {[%clk 0:09:03]}  Ke7 {[%clk 0:30:01]} 56. Qc7+ {[%clk 0:05:55]}  Ke6 {[%clk 0:29:50]} 57. Qc3 {[%clk 0:04:25]}  Kf7 {[%clk 0:28:55]} 58. h5 {[%clk 0:02:40]}  Kg7 {[%clk 0:27:26]} 59. h6+ {[%clk 0:06:40]}  Kg6 {[%clk 0:26:18]} 60. Ke2 {[%clk 0:04:51]}  Qg2+ {[%clk 0:27:05]} 61. Kd1 {[%clk 0:03:45]}  Qf1+ {[%clk 0:27:01]} 62. Kc2 {[%clk 0:05:09]}  Qe2+ {[%clk 0:27:23]} 63. Kb3 {[%clk 0:05:17]}  Qd1+ {[%clk 0:26:51]} 64. Ka3 {[%clk 0:05:11]}  Qh1 {[%clk 0:24:14]} 65. a5 {[%clk 0:00:25]}  Qb1 {[%clk 0:23:25]} 66. axb6 {[%clk 0:03:26]}  axb6 {[%clk 0:20:55]} 67. h7 {[%clk 0:01:45]}  Kxh7 {[%clk 0:22:52]} 68. Qxf6 {[%clk 0:01:20]}  Qd3+ {[%clk 0:22:37]} 1/2-1/2

[Event "Masters Tournament (MTO)"]
[Site "Biel, CH"]
[Date "2025.07.17"]
[Round "4"]
[White "Haugner, Jan"]
[Black "Wuebker, Paul-Luca"]
[Result "0-1"]
[Board "18"]
[WhiteFideId "24655244"]
[BlackFideId "12939528"]
[BlackTitle "CM"]
[WhiteElo "2066"]
[BlackElo "2250"]
[WhiteTeam "GER"]
[BlackTeam "GER"]
[WhiteClock "0:00:37"]
[BlackClock "0:16:30"]
[Variant "Standard"]

1. e4 {[%clk 1:40:58]}  c5 {[%clk 1:40:56]} 2. Nf3 {[%clk 1:41:23]}  d6 {[%clk 1:41:21]} 3. Bb5+ {[%clk 1:41:49]}  Nd7 {[%clk 1:41:45]} 4. c3 {[%clk 1:42:10]}  a6 {[%clk 1:40:06]} 5. Ba4 {[%clk 1:42:33]}  Ngf6 {[%clk 1:38:30]} 6. Bc2 {[%clk 1:42:49]}  c4 {[%clk 1:35:19]} 7. a4 {[%clk 1:38:38]}  g5 {[%clk 1:14:44]} 8. d4 {[%clk 1:19:14]}  cxd3 {[%clk 1:21:33]} 9. Qxd3 {[%clk 1:19:42]}  g4 {[%clk 1:15:26]} 10. Nd4 {[%clk 1:09:16]}  h5 {[%clk 1:05:37]} 11. Nd2 {[%clk 1:13:35]}  b6 {[%clk 1:01:51]} 12. Qe2 {[%clk 1:05:03]}  Qc7 {[%clk 0:55:29]} 13. O-O {[%clk 1:02:21]}  Bb7 {[%clk 0:55:00]} 14. f4 {[%clk 0:58:28]}  h4 {[%clk 0:51:08]} 15. Nc4 {[%clk 0:47:23]}  Rc8 {[%clk 0:40:24]} 16. Nd2 {[%clk 0:45:02]}  h3 {[%clk 0:37:48]} 17. g3 {[%clk 0:44:20]}  Rh5 {[%clk 0:38:02]} 18. N2b3 {[%clk 0:39:32]}  Nc5 {[%clk 0:34:00]} 19. Nd2 {[%clk 0:32:42]}  Bg7 {[%clk 0:25:46]} 20. b4 {[%clk 0:31:01]}  Ncxe4 {[%clk 0:15:39]} 21. Nxe4 {[%clk 0:26:17]}  Nxe4 {[%clk 0:13:53]} 22. Bxe4 {[%clk 0:25:20]}  Bxe4 {[%clk 0:23:53]} 23. Qxe4 {[%clk 0:24:40]}  Qxc3 {[%clk 0:04:46]} 24. Ne2 {[%clk 0:01:58]}  Qxa1 {[%clk 0:22:52]} 25. Be3 {[%clk 0:01:02]}  d5 {[%clk 0:20:11]} 26. Qd3 {[%clk 0:00:49]}  Qxa4 {[%clk 0:19:56]} 27. f5 {[%clk 0:00:55]}  Qa2 {[%clk 0:17:04]} 28. Nf4 {[%clk 0:00:49]}  Rc3 {[%clk 0:16:19]} 29. Qxd5 {[%clk 0:00:40]}  Qxd5 {[%clk 0:16:40]} 30. Nxd5 {[%clk 0:01:08]}  Rxe3 {[%clk 0:16:34]} 31. Rd1 {[%clk 0:00:37]}  Rc3 {[%clk 0:16:30]} 0-1

[Event "Masters Tournament (MTO)"]
[Site "Biel, CH"]
[Date "2025.07.17"]
[Round "4"]
[White "Guretchii, Kirill"]
[Black "Soo, Kai Jie"]
[Result "0-1"]
[Board "19"]
[WhiteFideId "13911872"]
[BlackFideId "5803454"]
[BlackTitle "FM"]
[WhiteElo "2029"]
[BlackElo "2240"]
[WhiteTeam "MDA"]
[BlackTeam "AUS"]
[WhiteClock "0:19:08"]
[BlackClock "1:24:19"]
[Variant "Standard"]

1. d4 {[%clk 1:40:58]}  Nf6 {[%clk 1:40:35]} 2. c4 {[%clk 1:40:49]}  e6 {[%clk 1:40:33]} 3. Nf3 {[%clk 1:40:42]}  d5 {[%clk 1:40:26]} 4. Nc3 {[%clk 1:42:13]}  Bb4 {[%clk 1:41:49]} 5. Qa4+ {[%clk 1:42:36]}  Nc6 {[%clk 1:42:14]} 6. e3 {[%clk 1:42:06]}  O-O {[%clk 1:42:06]} 7. Qc2 {[%clk 1:36:58]}  Re8 {[%clk 1:41:11]} 8. Bd2 {[%clk 1:35:32]}  a6 {[%clk 1:31:21]} 9. a3 {[%clk 1:33:45]}  Bd6 {[%clk 1:29:58]} 10. Bd3 {[%clk 1:33:07]}  dxc4 {[%clk 1:28:58]} 11. Bxc4 {[%clk 1:32:56]}  b5 {[%clk 1:21:23]} 12. Bd3 {[%clk 1:28:42]}  e5 {[%clk 1:17:37]} 13. Ne4 {[%clk 1:27:56]}  Bb7 {[%clk 0:52:37]} 14. Nxf6+ {[%clk 1:27:52]}  Qxf6 {[%clk 0:27:39]} 15. d5 {[%clk 1:23:19]}  Nd4 {[%clk 0:26:14]} 16. Nxd4 {[%clk 0:31:44]}  exd4 {[%clk 0:26:00]} 17. Bxh7+ {[%clk 0:31:40]}  Kh8 {[%clk 0:22:45]} 18. Bd3 {[%clk 0:31:05]}  Bxd5 {[%clk 0:21:23]} 19. e4 {[%clk 0:28:58]}  Qg6 {[%clk 0:19:51]} 20. f3 {[%clk 0:26:44]}  c5 {[%clk 0:17:56]} 21. O-O-O {[%clk 0:26:18]}  c4 {[%clk 0:17:21]} 22. exd5 {[%clk 0:26:02]}  cxd3 {[%clk 0:14:46]} 23. Qb3 {[%clk 0:25:15]}  Re2 {[%clk 0:10:43]} 24. Kb1 {[%clk 0:20:03]}  Rc8 {[%clk 0:10:00]} 25. Bb4 {[%clk 0:16:15]}  d2+ {[%clk 1:22:26]} 26. Ka2 {[%clk 0:15:07]}  Bf4 {[%clk 1:21:24]} 27. g3 {[%clk 0:14:37]}  Rc1 {[%clk 1:19:31]} 28. a4 {[%clk 0:14:17]}  Qb1+ {[%clk 1:23:08]} 29. Ka3 {[%clk 0:13:53]}  Qa1+ {[%clk 1:23:15]} 30. Qa2 {[%clk 0:13:42]}  Re3+ {[%clk 1:23:37]} 31. b3 {[%clk 0:13:31]}  Rxb3+ {[%clk 1:23:30]} 32. Kxb3 {[%clk 0:19:08]}  Rc3+ {[%clk 1:24:19]} 0-1

[Event "Masters Tournament (MTO)"]
[Site "Biel, CH"]
[Date "2025.07.17"]
[Round "4"]
[White "Gut, Lionel"]
[Black "Gao, Kai"]
[Result "1-0"]
[Board "20"]
[WhiteFideId "1339966"]
[BlackFideId "8607770"]
[WhiteElo "2239"]
[BlackElo "1906"]
[WhiteTeam "SUI"]
[BlackTeam "CHN"]
[WhiteClock "0:04:04"]
[BlackClock "0:00:34"]
[Variant "Standard"]

1. d4 {[%clk 1:40:49]}  d5 {[%clk 1:40:38]} 2. c4 {[%clk 1:40:54]}  e6 {[%clk 1:40:46]} 3. Nc3 {[%clk 1:41:18]}  Be7 {[%clk 1:40:34]} 4. cxd5 {[%clk 1:41:43]}  exd5 {[%clk 1:41:00]} 5. Bf4 {[%clk 1:42:03]}  c6 {[%clk 1:41:20]} 6. e3 {[%clk 1:42:09]}  Bf5 {[%clk 1:24:21]} 7. Bd3 {[%clk 1:24:58]}  Bxd3 {[%clk 1:41:40]} 8. Qxd3 {[%clk 1:25:25]}  Nf6 {[%clk 1:40:48]} 9. Nge2 {[%clk 1:23:22]}  Nbd7 {[%clk 1:39:10]} 10. Ng3 {[%clk 1:17:31]}  g6 {[%clk 1:35:00]} 11. O-O {[%clk 1:19:07]}  O-O {[%clk 1:32:51]} 12. Rab1 {[%clk 1:13:43]}  a5 {[%clk 1:30:58]} 13. Rbd1 {[%clk 1:09:07]}  Re8 {[%clk 1:20:49]} 14. Kh1 {[%clk 1:04:00]}  Nf8 {[%clk 1:18:28]} 15. f3 {[%clk 1:03:07]}  Ne6 {[%clk 1:17:33]} 16. Be5 {[%clk 1:02:10]}  Nd7 {[%clk 1:13:32]} 17. Nge2 {[%clk 0:32:54]}  Nxe5 {[%clk 0:59:21]} 18. dxe5 {[%clk 0:46:44]}  Qb6 {[%clk 0:55:33]} 19. b3 {[%clk 0:45:06]}  Nc5 {[%clk 0:46:20]} 20. Qd4 {[%clk 0:41:53]}  Nd7 {[%clk 0:47:08]} 21. Na4 {[%clk 0:43:04]}  Qa6 {[%clk 0:44:37]} 22. Ng3 {[%clk 0:31:16]}  b5 {[%clk 0:45:24]} 23. Nb2 {[%clk 0:31:59]}  Bc5 {[%clk 0:44:56]} 24. Qh4 {[%clk 0:30:30]}  Bxe3 {[%clk 0:42:23]} 25. f4 {[%clk 0:29:09]}  Qa7 {[%clk 0:41:25]} 26. Nd3 {[%clk 0:13:57]}  Bc5 {[%clk 0:29:22]} 27. Rf3 {[%clk 0:07:18]}  Bf8 {[%clk 0:26:00]} 28. Nf2 {[%clk 0:03:02]}  Bg7 {[%clk 0:22:41]} 29. Ng4 {[%clk 0:20:51]}  Qc5 {[%clk 0:19:42]} 30. Nf6+ {[%clk 0:04:46]}  Nxf6 {[%clk 0:10:18]} 31. exf6 {[%clk 0:14:48]}  Bf8 {[%clk 0:07:48]} 32. Rdf1 {[%clk 0:10:53]}  Re3 {[%clk 0:07:43]} 33. Rxe3 {[%clk 0:08:41]}  Qxe3 {[%clk 0:08:50]} 34. Qg5 {[%clk 0:07:07]}  Re8 {[%clk 0:07:42]} 35. h4 {[%clk 0:06:47]}  h6 {[%clk 0:06:54]} 36. Qg4 {[%clk 0:03:20]}  Qe6 {[%clk 0:03:05]} 37. f5 {[%clk 0:02:21]}  Qd7 {[%clk 0:02:09]} 38. Qf3 {[%clk 0:06:04]}  gxf5 {[%clk 0:01:04]} 39. Nxf5 {[%clk 0:05:18]}  Qe6 {[%clk 0:00:34]} 40. Ng7 {[%clk 0:04:04]} 1-0

[Event "Masters Tournament (MTO)"]
[Site "Biel, CH"]
[Date "2025.07.17"]
[Round "4"]
[White "Banh Gia Huy"]
[Black "Hirzel, Cedric"]
[Result "1/2-1/2"]
[Board "21"]
[WhiteFideId "12424714"]
[BlackFideId "1341910"]
[WhiteTitle "IM"]
[WhiteElo "2445"]
[BlackElo "2141"]
[WhiteTeam "VIE"]
[BlackTeam "SUI"]
[WhiteClock "0:01:00"]
[BlackClock "0:01:16"]
[Variant "Standard"]

1. d4 {[%clk 1:40:57]}  Nf6 {[%clk 1:40:18]} 2. Nf3 {[%clk 1:41:24]}  e6 {[%clk 1:40:29]} 3. Bf4 {[%clk 1:41:48]}  c5 {[%clk 1:40:44]} 4. e3 {[%clk 1:41:51]}  d5 {[%clk 1:41:04]} 5. Nbd2 {[%clk 1:42:08]}  Bd6 {[%clk 1:41:05]} 6. Bb5+ {[%clk 1:39:55]}  Nc6 {[%clk 1:41:04]} 7. dxc5 {[%clk 1:38:24]}  Bxc5 {[%clk 1:39:42]} 8. c4 {[%clk 1:38:24]}  O-O {[%clk 1:38:52]} 9. O-O {[%clk 1:38:49]}  Qe7 {[%clk 1:23:48]} 10. Bg3 {[%clk 1:20:17]}  Rd8 {[%clk 1:22:21]} 11. cxd5 {[%clk 1:16:29]}  exd5 {[%clk 1:15:43]} 12. Nb3 {[%clk 1:15:40]}  Bd6 {[%clk 1:13:24]} 13. Rc1 {[%clk 1:10:29]}  Ne5 {[%clk 0:56:48]} 14. Nxe5 {[%clk 1:10:03]}  Bxe5 {[%clk 0:57:16]} 15. Qc2 {[%clk 1:01:33]}  Bg4 {[%clk 0:48:49]} 16. Nd4 {[%clk 0:46:07]}  Rac8 {[%clk 0:45:05]} 17. Qa4 {[%clk 0:44:34]}  a6 {[%clk 0:37:26]} 18. Bd3 {[%clk 0:44:48]}  Bxg3 {[%clk 0:35:34]} 19. hxg3 {[%clk 0:45:11]}  Ne4 {[%clk 0:33:23]} 20. Rxc8 {[%clk 0:40:22]}  Rxc8 {[%clk 0:33:02]} 21. Re1 {[%clk 0:38:03]}  Qf6 {[%clk 0:24:23]} 22. f3 {[%clk 0:33:46]}  Nc5 {[%clk 0:23:16]} 23. Qc2 {[%clk 0:25:19]}  Nxd3 {[%clk 0:20:20]} 24. Qxd3 {[%clk 0:25:45]}  Bd7 {[%clk 0:19:40]} 25. Qd2 {[%clk 0:24:17]}  Qd6 {[%clk 0:05:39]} 26. Kf2 {[%clk 0:23:20]}  Qc5 {[%clk 0:06:05]} 27. Rd1 {[%clk 0:20:44]}  Qc4 {[%clk 0:04:49]} 28. b3 {[%clk 0:18:58]}  Qc5 {[%clk 0:04:14]} 29. Ne2 {[%clk 0:18:50]}  Be6 {[%clk 0:03:14]} 30. Rc1 {[%clk 0:18:49]}  Qf8 {[%clk 0:03:13]} 31. Nf4 {[%clk 0:13:47]}  Rxc1 {[%clk 0:03:34]} 32. Qxc1 {[%clk 0:14:13]}  Qe7 {[%clk 0:03:42]} 33. Nd3 {[%clk 0:12:54]}  h5 {[%clk 0:03:04]} 34. Qc3 {[%clk 0:09:43]}  Qd6 {[%clk 0:03:08]} 35. a4 {[%clk 0:07:35]}  b6 {[%clk 0:02:25]} 36. b4 {[%clk 0:06:46]}  Bd7 {[%clk 0:02:10]} 37. a5 {[%clk 0:06:33]}  bxa5 {[%clk 0:01:46]} 38. bxa5 {[%clk 0:07:24]}  Qc6 {[%clk 0:00:12]} 39. Qd2 {[%clk 0:03:03]}  Be6 {[%clk 0:01:57]} 40. Nf4 {[%clk 0:01:57]}  g6 {[%clk 0:02:06]} 41. Qb2 {[%clk 0:27:31]}  Kh7 {[%clk 0:26:34]} 42. Qb6 {[%clk 0:26:09]}  Qc4 {[%clk 0:25:31]} 43. Kg1 {[%clk 0:16:15]}  Qc3 {[%clk 0:24:19]} 44. Kh2 {[%clk 0:22:06]}  Qe1 {[%clk 0:21:50]} 45. Nd3 {[%clk 0:16:56]}  Qd2 {[%clk 0:15:47]} 46. Nf4 {[%clk 0:13:18]}  Qe1 {[%clk 0:14:37]} 47. Nd3 {[%clk 0:10:19]}  Qd2 {[%clk 0:14:32]} 48. Nb4 {[%clk 0:10:47]}  Qe1 {[%clk 0:11:15]} 49. Qd4 {[%clk 0:09:26]}  Kg8 {[%clk 0:10:29]} 50. Nc6 {[%clk 0:08:42]}  Kh7 {[%clk 0:08:27]} 51. Nb4 {[%clk 0:06:01]}  Kg8 {[%clk 0:08:52]} 52. Nxd5 {[%clk 0:03:00]}  Bxd5 {[%clk 0:00:45]} 53. Qxd5 {[%clk 0:03:25]}  Qxe3 {[%clk 0:01:12]} 54. Qa8+ {[%clk 0:03:43]}  Kg7 {[%clk 0:00:43]} 55. Qxa6 {[%clk 0:04:08]}  Qe1 {[%clk 0:00:43]} 56. Qb6 {[%clk 0:02:23]}  h4 {[%clk 0:00:59]} 57. Qc7 {[%clk 0:01:04]}  hxg3+ {[%clk 0:01:24]} 58. Kh3 {[%clk 0:01:30]}  g5 {[%clk 0:01:00]} 59. Kg4 {[%clk 0:01:02]}  Kg6 {[%clk 0:00:55]} 60. Qc2+ {[%clk 0:00:59]}  Kh6 {[%clk 0:00:55]} 61. Qc6+ {[%clk 0:01:13]}  Kg7 {[%clk 0:01:20]} 62. Qa4 {[%clk 0:01:10]}  Qe5 {[%clk 0:00:51]} 63. a6 {[%clk 0:00:51]}  Kg6 {[%clk 0:01:18]} 64. f4 {[%clk 0:00:39]}  f5+ {[%clk 0:01:02]} 65. Kxg3 {[%clk 0:00:35]}  Qe1+ {[%clk 0:01:16]} 66. Kh2 {[%clk 0:01:00]} 1/2-1/2

[Event "Masters Tournament (MTO)"]
[Site "Biel, CH"]
[Date "2025.07.17"]
[Round "4"]
[White "Tahay, Alexis"]
[Black "Kwiatkowski, Jakub"]
[Result "1-0"]
[Board "22"]
[WhiteFideId "26090961"]
[BlackFideId "1348736"]
[WhiteTitle "IM"]
[WhiteElo "2375"]
[BlackElo "2034"]
[WhiteTeam "FRA"]
[BlackTeam "SUI"]
[WhiteClock "0:49:29"]
[BlackClock "0:03:16"]
[Variant "Standard"]

1. e4 {[%clk 1:33:52]}  c5 {[%clk 1:40:49]} 2. Nf3 {[%clk 1:34:18]}  d6 {[%clk 1:41:08]} 3. d4 {[%clk 1:34:38]}  cxd4 {[%clk 1:41:31]} 4. Nxd4 {[%clk 1:35:06]}  Nf6 {[%clk 1:41:49]} 5. Nc3 {[%clk 1:35:33]}  a6 {[%clk 1:42:09]} 6. Be2 {[%clk 1:34:22]}  e5 {[%clk 1:42:27]} 7. Nb3 {[%clk 1:34:48]}  Be6 {[%clk 1:42:49]} 8. O-O {[%clk 1:34:14]}  Be7 {[%clk 1:43:08]} 9. Qd3 {[%clk 1:33:30]}  O-O {[%clk 1:39:33]} 10. Bd2 {[%clk 1:31:18]}  Nbd7 {[%clk 1:37:11]} 11. Nd5 {[%clk 1:31:22]}  Bxd5 {[%clk 1:28:25]} 12. exd5 {[%clk 1:26:56]}  Ne8 {[%clk 1:25:05]} 13. Na5 {[%clk 1:26:34]}  Qc7 {[%clk 1:13:53]} 14. b4 {[%clk 1:24:32]}  f5 {[%clk 1:11:33]} 15. c4 {[%clk 1:22:55]}  g6 {[%clk 1:01:49]} 16. Rac1 {[%clk 1:18:58]}  Ng7 {[%clk 0:55:32]} 17. Rfd1 {[%clk 1:13:12]}  e4 {[%clk 0:42:59]} 18. Qg3 {[%clk 1:12:15]}  Bf6 {[%clk 0:33:27]} 19. Bf4 {[%clk 1:11:06]}  Be5 {[%clk 0:32:23]} 20. c5 {[%clk 1:04:19]}  Bxf4 {[%clk 0:25:42]} 21. Qxf4 {[%clk 1:08:16]}  Ne5 {[%clk 0:23:28]} 22. Kf1 {[%clk 0:58:32]}  Rab8 {[%clk 0:16:52]} 23. a4 {[%clk 0:52:54]}  Qe7 {[%clk 0:16:24]} 24. h4 {[%clk 0:47:41]}  Ng4 {[%clk 0:11:42]} 25. Qg5 {[%clk 0:51:10]}  Qf7 {[%clk 0:09:17]} 26. cxd6 {[%clk 0:50:12]}  e3 {[%clk 0:03:50]} 27. Rc7 {[%clk 0:49:13]}  Qf6 {[%clk 0:03:08]} 28. Qxf6 {[%clk 0:49:22]}  Rxf6 {[%clk 0:03:24]} 29. d7 {[%clk 0:49:37]}  Rff8 {[%clk 0:03:28]} 30. Rdc1 {[%clk 0:49:12]}  Nf6 {[%clk 0:03:31]} 31. Nxb7 {[%clk 0:49:07]}  exf2 {[%clk 0:03:16]} 32. d8=Q {[%clk 0:49:29]} 1-0